[Event "Miskolc Avas op-B"]
[Site "Miskolc"]
[Date "1998.??.??"]
[Round "5"]
[White "Makra, Gabor"]
[Black "Nagy, Zoltan"]
[Result "1/2-1/2"]
[WhiteElo "2005"]
[BlackElo "1870"]

1.e4 e6 2.d4 c5 3.Nf3 cxd4 4.Nxd4 a6 5.Nc3 b5 6.Bd3 Bb7 7.O-O d6 8.a3 Nd7
9.Be3 Ngf6 10.f3 Be7 11.Qe2 O-O 12.g4 Nc5 13.g5 Ne8 14.f4 Nxd3 15.cxd3 g6
16.Nb3 Rc8 17.Qg2 Ng7 18.Rf2 d5 19.Qh3 Re8 20.Bd4 Nh5 21.e5 Ng7 22.Be3 Nf5
23.d4 Qb6 24.Rd2 Red8 25.Rad1 Rc4 26.Ne2 b4 27.a4 Bc6 28.a5 Qc7 29.Bf2 Bb5
30.Qf3 Rc8 31.h4 Qd8 32.h5 Rc2 33.hxg6 hxg6 34.Kg2 Rxd2 35.Rxd2 Bc4 36.Rd1 Bxb3
37.Qxb3 Qxa5 38.Qh3 Bf8 39.Rh1 Bg7 40.Qb3 Qb5 41.Rc1 Rxc1 42.Nxc1 Qc4 43.Qxc4 dxc4
44.Kf1 Kf8 45.d5 exd5 46.Bc5+ Ke8 47.Bxb4 Kd7 48.Ke2 Kc6 49.Na2 Kb5 50.Ba3 d4
51.Nb4 Bf8 52.Nd5 Bxa3 53.bxa3 Kc5 54.Nc7 a5 55.e6 fxe6 56.Nxe6+ Kd5 57.Nd8 Ke4
58.Nb7 c3 59.Nc5+ Kxf4 60.Kd3 Kxg5 61.Nb7 Kf4 62.Nxa5 Ke5 63.Nb3 Kd5 64.Nc1 Kc5
65.Ne2 g5 66.Ke4 c2 67.Kd3 Ne3 68.Nxd4 Kd5 69.Ne2  1/2-1/2

[Event "CERA Bank op"]
[Site "NED"]
[Date "1998.??.??"]
[Round "?"]
[White "Wantiez, Fabrice"]
[Black "Chernin, Alexander"]
[Result "0-1"]
[WhiteElo "2110"]
[BlackElo "2645"]

1.e4 c5 2.Nf3 e6 3.d4 cxd4 4.Nxd4 a6 5.Nc3 b5 6.f4 Bb7 7.Be3 b4 8.Na4 Bxe4
9.Be2 Nf6 10.Bf3 Qa5 11.c4 bxc3 12.Nxc3 Bb4 13.O-O Bxc3 14.bxc3 O-O 15.Bxe4 Nxe4
16.f5 Qxc3 17.Rf3 Nc6 18.Rc1 Nxd4 19.Bxd4 Qd2 20.Qxd2 Nxd2 21.Rg3 g6 22.fxe6 fxe6
23.Rh3 Rf5 24.Rhc3 Ne4 25.Rc7 Rd5 26.Bb6 Kf7 27.Re1 Nf6 28.Rf1 g5 29.g3 Kg6
30.h4 Ne4 31.hxg5 Nxg5  0-1

[Event "Nova Gorica op"]
[Site "Nova Gorica"]
[Date "1998.??.??"]
[Round "3"]
[White "Zvan, Ziga"]
[Black "Laco, Giuseppe"]
[Result "1-0"]
[WhiteElo "2095"]
[BlackElo "2225"]

1.e4 c5 2.Nf3 e6 3.d4 cxd4 4.Nxd4 a6 5.Nc3 Qc7 6.Be2 Bb4 7.Bd2 Nf6 8.Bf3 Nc6
9.Nxc6 bxc6 10.O-O Bc5 11.Qe2 a5 12.Na4 Ba6 13.c4 Ba7 14.e5 Nd5 15.b3 Bd4
16.Rae1 f6 17.Qe4 Bxe5 18.cxd5 cxd5 19.Qg4 O-O 20.Be2 Bxh2+ 21.Kh1 f5 22.Qh4 Be5
23.Bxa6 Rxa6 24.Rc1 Rc6 25.Rxc6 dxc6 26.Rc1 f4 27.Qh5 Bd6 28.Nc3 Qe7 29.Ne2 c5
30.Qf3 Rf5 31.Kg1 Qf7 32.Nc3 g5 33.Na4 d4 34.Qc6 Qf8 35.Bxa5 g4 36.Qd7 Re5
37.Bc7 Bxc7 38.Qxc7 Re2 39.Qxc5 d3 40.Qxf8+ Kxf8 41.Nc3 f3 42.gxf3 gxf3 43.Rd1 d2
44.Kf1 Re5 45.Rxd2 Rh5 46.Kg1 Ke7 47.Rd3 Rh3 48.Ne4 Rh4 49.Nd2  1-0

[Event "Nyirsegi Torna op"]
[Site "Nyirsegi Torna"]
[Date "1998.??.??"]
[Round "2"]
[White "Hajdu, Istvan"]
[Black "Lehoczki, Viktor"]
[Result "0-1"]
[WhiteElo "2195"]
[BlackElo "2180"]

1.e4 c5 2.Nf3 e6 3.d4 cxd4 4.Nxd4 a6 5.Nc3 Qc7 6.g3 Bb4 7.Bd2 Nf6 8.Bg2 O-O
9.O-O Be7 10.g4 Nc6 11.Nxc6 bxc6 12.g5 Ne8 13.Qh5 d5 14.Rae1 Bc5 15.Kh1 g6
16.Qh4 Ng7 17.f4 Qd8 18.Rd1 h5 19.f5 exf5 20.exd5 Ra7 21.Qc4 Be7 22.Qxc6 Bd7
23.Qc4 Bxg5 24.Be1 f4 25.d6 Nf5 26.Qc5 Ra8 27.Ne4 Rc8 28.Qa3 Rxc2 29.Ba5 Qc8
30.Nxg5 Ne3 31.Be4 Rc5 32.Nf3 Nxf1 33.Rxf1 Rc1 34.Rxc1 Qxc1+ 35.Kg2 Bb5 36.Nd2 Re8
37.Qc3 Qd1 38.Qf3 Qa4 39.Bc3 f5 40.Bd5+ Kh7 41.Qf2 Re2 42.Bb3 f3+ 43.Kh1 Rxf2
44.Bxa4 Bxa4 45.b3 Bc6 46.Kg1 Rg2+ 47.Kf1 Bb5+ 48.Nc4 Rc2 49.Bf6 Rd2 50.Be7 Kg7
51.a4 Bxc4+ 52.bxc4 Kf7 53.h4 Rc2 54.Bg5 Ke6  0-1

[Event "Nyirsegi Torna op"]
[Site "Nyirsegi Torna"]
[Date "1998.??.??"]
[Round "4"]
[White "Dovzik, Juri"]
[Black "Mihalko, Jozsef"]
[Result "1-0"]
[WhiteElo "2390"]
[BlackElo "2305"]

1.e4 c5 2.Nf3 e6 3.d4 cxd4 4.Nxd4 a6 5.Nc3 Qc7 6.Bd3 Nc6 7.Be3 Nf6 8.O-O h5
9.h3 Nxd4 10.Bxd4 Bc5 11.Be2 Bxd4 12.Qxd4 e5 13.Qb4 d6 14.Rfd1 Ke7 15.Rd5 Kd7
16.Rd3 b5 17.Rad1 Ne8 18.a4 bxa4 19.Qxa4+ Qc6 20.Qb3 Ke7 21.Nd5+ Kf8 22.Rc3 Qb7
23.Qa3 Qa7 24.Nc7 Rb8  1-0

[Event "GER-ch U17"]
[Site "Oberhof"]
[Date "1998.??.??"]
[Round "?"]
[White "Schneider, Henning"]
[Black "Wegerle, Joerg"]
[Result "1/2-1/2"]
[WhiteElo "2220"]
[BlackElo "2095"]

1.e4 c5 2.Nf3 e6 3.d4 cxd4 4.Nxd4 a6 5.Nc3 Qc7 6.Bd3 Nc6 7.Nxc6 dxc6 8.O-O e5
9.f4 Nf6 10.Kh1 Bd6 11.f5 b5 12.g4 h6 13.Qe2 Bc5 14.a4 Bb7 15.Bd2 Bd4 16.axb5 cxb5
17.Rae1 Rd8 18.Nd1 Bc6 19.Kg2 Qb7 20.Bc3 b4 21.Bxd4 Rxd4 22.Nf2 a5 23.h4 Ke7
24.Kg3 b3 25.c3 Rd6 26.Rd1  1/2-1/2

[Event "GER-ch U17"]
[Site "Oberhof"]
[Date "1998.??.??"]
[Round "?"]
[White "Schneider, Henning"]
[Black "Schenk, Andreas"]
[Result "1/2-1/2"]
[WhiteElo "2220"]
[BlackElo "2275"]

1.e4 c5 2.Nf3 e6 3.d4 cxd4 4.Nxd4 a6 5.Nc3 Qc7 6.Bd3 Nf6 7.O-O Bc5 8.Nb3 Ba7
9.Kh1 d6 10.a4 Bd7 11.Bg5 Bc6 12.Bxf6 gxf6 13.f4 Nd7 14.f5 Ke7 15.Nc1 h5
16.N1e2 Ne5 17.Nf4 Rh6 18.b4 Bd4 19.Nfe2 Be3 20.b5 Bd7 21.bxa6 bxa6 22.Qe1 Bc5
23.Nf4 Qa7 24.Nd1 h4 25.Qe2 Bc6  1/2-1/2

[Event "RUS-Cup"]
[Site "Omsk/Perm"]
[Date "1998.??.??"]
[Round "8"]
[White "Varavin, Viktor"]
[Black "Pridorozhni, Aleksei"]
[Result "1-0"]
[WhiteElo "2445"]
[BlackElo "2275"]

1.e4 c5 2.Nf3 e6 3.d4 cxd4 4.Nxd4 a6 5.Nc3 b5 6.Bd3 Nc6 7.Nxc6 dxc6 8.e5 Qc7
9.Qe2 Ne7 10.O-O Nd5 11.Nxd5 cxd5 12.a4 b4 13.Bd2 Be7 14.Rae1 h5 15.c4 dxc4
16.Bxc4 Bb7 17.Rc1 Qa5 18.b3 g6 19.f4 Bc5+ 20.Kh1 Kf8 21.h3 Kg7 22.f5 gxf5
23.Bg5 Kf8 24.Rfd1 f4 25.Qd2 f3 26.Bh6+ Rxh6 27.Qxh6+ Ke8 28.Qh8+ Bf8 29.Bxe6 fxg2+
30.Kh2 g1=Q+ 31.Rxg1 fxe6 32.Rcf1 Kd7 33.Rf7+ Be7 34.Rxe7+ Kxe7 35.Qf6+ Kd7
36.Qf7+ Kd8 37.Qf8+ Kd7 38.Qd6+ Ke8 39.Rf1  1-0

[Event "RUS-Cup"]
[Site "Omsk/Perm"]
[Date "1998.??.??"]
[Round "9"]
[White "Pridorozhni, Aleksei"]
[Black "Ozolin, Maxim"]
[Result "1/2-1/2"]
[WhiteElo "2275"]
[BlackElo "2510"]

1.e4 c5 2.Nf3 e6 3.d4 cxd4 4.Nxd4 a6 5.Nc3 Qc7 6.Be2 Nf6 7.O-O Nc6 8.Be3 Bb4
9.f3 O-O 10.Na4 d5 11.Nxc6 Qxc6 12.c3 Be7 13.Nb6 Rb8 14.exd5 Nxd5 15.Nxd5 exd5
16.Ba7 Bc5+ 17.Bxc5 Qxc5+ 18.Qd4 Qxd4+ 19.cxd4 Bf5 20.Rac1 Rfc8 21.Kf2 Kf8
22.Ke3 Ke7 23.Kd2 Kd6 24.b4 Bd7 25.Rxc8 Rxc8 26.Rc1 Rxc1 27.Kxc1  1/2-1/2

[Event "Ostrava IM"]
[Site "Ostrava"]
[Date "1998.??.??"]
[Round "?"]
[White "Jackova, Jana"]
[Black "Hitzgerova, Gabriela"]
[Result "1-0"]
[WhiteElo "2195"]
[BlackElo "2170"]

1.e4 c5 2.Nf3 e6 3.d4 cxd4 4.Nxd4 a6 5.Nc3 Qc7 6.Bd3 b5 7.Bd2 Bb7 8.O-O Nc6
9.Nb3 Nf6 10.f4 h5 11.Kh1 Qb6 12.Qe2 Ng4 13.a4 b4 14.a5 Qc7 15.Nd1 Qd6 16.Ne3 Nd4
17.Nxd4 Qxd4 18.c3 bxc3 19.bxc3 Qf6 20.Nxg4 hxg4 21.Qxg4 Qh6 22.Qg3 Bd6 23.Rab1 Bc6
24.Be3 Ke7 25.Bb6 Rag8 26.e5 Bb8 27.Bc5+ d6 28.Rxb8 dxc5 29.Rxg8 Rxg8 30.Qe3 Rc8
31.Bxa6 Rc7 32.Qxc5+ Ke8 33.Bb5 Bxb5 34.Qxb5+ Ke7 35.Qb4+ Ke8 36.Qb8+ Kd7
37.Rd1+  1-0

[Event "Ostrava IM"]
[Site "Ostrava"]
[Date "1998.??.??"]
[Round "?"]
[White "Hitzgerova, Gabriela"]
[Black "Chekurov, Vyacheslav"]
[Result "1/2-1/2"]
[WhiteElo "2170"]
[BlackElo "2405"]

1.e4 c5 2.Nf3 e6 3.d4 cxd4 4.Nxd4 a6 5.Nc3 b5 6.g3 Bb7 7.Bg2 Nf6 8.Qd3 Nc6
9.Nxc6 dxc6 10.Qxd8+ Rxd8 11.O-O e5 12.h3 Bc5 13.Bg5 h6 14.Bxf6 gxf6 15.Rfd1 Ke7
16.Kf1 Bd4 17.Rab1 Bxc3 18.bxc3 Rxd1+ 19.Rxd1 Rd8 20.Rxd8 Kxd8 21.c4 c5 22.cxb5 axb5
23.Ke2 Kc7 24.Kf3 f5 25.Ke3 Kb6 26.Bf3 Bc8 27.h4 b4 28.exf5 Bxf5 29.Bd5 f6
30.Kd2 Ka5 31.Kc1 Ka4 32.Kb2  1/2-1/2

[Event "Ostrava Cup"]
[Site "Ostrava"]
[Date "1998.??.??"]
[Round "2"]
[White "Stocek, Jiri"]
[Black "Mirumian, Vigen"]
[Result "1-0"]
[WhiteElo "2470"]
[BlackElo "2470"]

1.e4 c5 2.Nf3 e6 3.Nc3 a6 4.d4 cxd4 5.Nxd4 d6 6.Be3 b5 7.g4 Bb7 8.Bg2 Nd7
9.g5 Ne7 10.Qe2 b4 11.Na4 Qa5 12.b3 Nc5 13.Nb2 e5 14.Nc4 Qc7 15.Nf3 Ng6 16.h4 Ne6
17.Nfd2 Ngf4 18.Qg4 Be7 19.Bf3 O-O 20.Nb6 Rad8 21.Ndc4 d5 22.exd5 Nxd5 23.Nxd5 Bxd5
24.Bxd5 Rxd5 25.Rd1 Rxd1+ 26.Kxd1 Bc5 27.Kc1 Nf4 28.Rd1 a5 29.Kb1 a4 30.Qd7 Qxd7
31.Rxd7 Bxe3 32.fxe3 Ne2 33.bxa4 Nc3+ 34.Kc1 Nxa4 35.Nxe5 f6 36.gxf6 gxf6
37.Nc6 Re8 38.Re7 Rxe7 39.Nxe7+ Kf7 40.Nd5 Kg6 41.Kd2 h6 42.Kd3 Kh5 43.Nxf6+ Kxh4
44.Kc4 Kg5 45.Ne4+ Kf5 46.Nf2 h5 47.Kxb4 Nb6 48.a4 h4 49.a5 Nc8 50.Kc5  1-0

[Event "Ostrava Cup"]
[Site "Ostrava"]
[Date "1998.??.??"]
[Round "6"]
[White "Talla, Vladimir"]
[Black "Mirumian, Vigen"]
[Result "1/2-1/2"]
[WhiteElo "2305"]
[BlackElo "2470"]

1.e4 c5 2.Nf3 e6 3.d4 cxd4 4.Nxd4 a6 5.Nc3 d6 6.Be2 b5 7.f4 Bb7 8.Bf3 Nd7
9.O-O b4 10.Na4 Nc5 11.Nxc5 dxc5 12.Nb3 Qc7 13.c4 bxc3  1/2-1/2

[Event "HUN-ch U16"]
[Site "Paks"]
[Date "1998.??.??"]
[Round "4"]
[White "Blasko, Istvan"]
[Black "Szeberenyi, Adam"]
[Result "1/2-1/2"]
[WhiteElo "2085"]
[BlackElo "2220"]

1.e4 c5 2.Nf3 e6 3.d4 cxd4 4.Nxd4 a6 5.Nc3 Qc7 6.Be2 Nc6 7.O-O Nf6 8.Kh1 Bb4
9.Bg5 d6 10.Bxf6 gxf6 11.f4 Bd7 12.Bh5 Bxc3 13.bxc3 Rf8 14.Nb3 O-O-O 15.Qe1 Ne7
16.Nd4 e5 17.Nf5 Bxf5 18.exf5 Nd5 19.fxe5 fxe5 20.Rb1 Nxc3 21.Rb3 Nb5 22.Rff3 Kb8
23.Qb1 Rc8 24.c3 d5 25.a4 Nd6 26.f6 e4 27.Rf2 Nc4 28.Bg4 Rcd8 29.Ra2 Rd6
30.Be2 Rfd8 31.Ra1 Rxf6 32.Bxc4 dxc4 33.Rb2 Rd3 34.Qe1 Rh6 35.h3 f5 36.Rab1 e3
37.Rxb7+ Qxb7 38.Qg3+ Rhd6 39.Rxb7+ Kxb7 40.Qe5 f4 41.Qxf4 R6d5 42.Qe4 Kb6
43.Kh2 h5  1/2-1/2

[Event "Atom Cup GM 3rd"]
[Site "Paks"]
[Date "1998.??.??"]
[Round "12"]
[White "Molnar, Bela"]
[Black "Naiditsch, Arkadij"]
[Result "1-0"]
[WhiteElo "2340"]
[BlackElo "2390"]

1.e4 c5 2.Nf3 e6 3.d4 cxd4 4.Nxd4 a6 5.Nc3 b5 6.Bd3 Qb6 7.Nb3 Qc7 8.O-O Nf6
9.Bg5 Bb7 10.Qe2 d6 11.a4 b4 12.Na2 Nc6 13.a5 Be7 14.Rfc1 O-O 15.c3 bxc3
16.Nxc3 Qd8 17.Rd1 Re8 18.Be3 d5 19.Na4 d4 20.e5 Nxe5 21.Nb6 dxe3 22.Bxh7+ Kxh7
23.Rxd8 Raxd8 24.Qxe3 Nfg4 25.Qe2 Bd6 26.f4 Ng6 27.Qxg4 Nxf4 28.Rf1 e5 29.g3 Re6
30.Rxf4 exf4 31.Qh4+ Rh6 32.Qxd8 fxg3 33.hxg3 Bxg3 34.Qd3+ Rg6 35.Kf1 Kg8
36.Nd5 Bd6 37.Nd2 Bc5 38.Ne4 Rg1+ 39.Ke2 Rg2+ 40.Kf3 Rh2 41.Kg3  1-0

[Event "Pardubice Czech op"]
[Site "Pardubice"]
[Date "1998.??.??"]
[Round "2"]
[White "Kucera, Petr"]
[Black "Groszpeter, Attila"]
[Result "1/2-1/2"]
[WhiteElo "2365"]
[BlackElo "2505"]

1.e4 c5 2.Nf3 e6 3.Nc3 a6 4.d4 cxd4 5.Nxd4 b5 6.a3 Bb7 7.g3 Nf6 8.Bg2 d6
9.O-O Nbd7 10.h3 Rc8 11.g4 Rxc3 12.bxc3 Bxe4 13.Bxe4 Nxe4 14.Qf3 d5 15.a4 Ne5
16.Qe3 Bc5 17.Kg2 O-O 18.f3 Nc4 19.Qd3 Ned6 20.axb5 axb5 21.Re1 Re8 22.Rb1 Qd7
23.Bg5 h6 24.Bh4 Rc8 25.Bg3 Bxd4 26.Qxd4 Qc6 27.Ra1 Ne8 28.h4 Nb2 29.Re3 Na4
30.Ra3 Nd6 31.Bxd6 Qxd6 32.Rb3 Rc4 33.Qd1 Qc5 34.Qe1 Qc6 35.Kh3 g6 36.Qg3 Qc5
37.Rd3 Nxc3 38.Qe5 b4 39.Qb8+ Kh7 40.Qe8 Kg7 41.Qb8 Qg1 42.Qe5+ Kh7 43.Rdxc3 Rxc3
44.Rxc3 bxc3 45.Qxc3 d4 46.Qc7 Qh1+ 47.Kg3 Qe1+ 48.Kg2 Kg7 49.Qd8 Qe2+ 50.Kg3 Qe5+
51.Kg2 Qf6 52.Qd7 Qf4 53.Qd8 Qf6 54.Qd7 e5 55.Qd5 Qf4 56.Kh3 Qe3 57.Kg2 Qe1
58.Kh3 g5 59.h5 Qe3 60.Kg2 Qf4 61.Kh3 Qf6 62.Kg2 Qe7 63.Qc6 Qe6 64.Qe4 Kf6
65.Kf2 Ke7 66.Qb7+ Qd7 67.Qb4+ Qd6 68.Qb7+ Ke6 69.Qe4 Qc5 70.Ke2 Ke7 71.Qf5 Qc4+
72.Kf2 Kd6 73.Qe4 Qc5 74.Ke2 Qd5 75.Qd3 Kc5 76.Qf5 Kb4 77.Kd2 Qe6 78.Qe4 Kc5
79.Qd3 Qc4 80.Qf5 Qc3+ 81.Kd1 Qa1+ 82.Kd2 Qa5+ 83.Kd1 Qa1+  1/2-1/2

[Event "Pardubice Czech op"]
[Site "Pardubice"]
[Date "1998.??.??"]
[Round "7"]
[White "Vavra, Pavel"]
[Black "Volke, Karsten"]
[Result "1/2-1/2"]
[WhiteElo "2340"]
[BlackElo "2460"]

1.e4 c5 2.Nf3 e6 3.d4 cxd4 4.Nxd4 a6 5.Nc3 Nc6 6.Be3 Nf6 7.Bd3 Qc7 8.O-O Nxd4
9.Bxd4 Bc5 10.Bxf6 gxf6 11.Qg4 Qe5 12.Kh1 Qg5 13.Qxg5 fxg5 14.e5 d5 15.exd6 Bxd6
16.Rad1 Bc7 17.Ne4 h6 18.Be2 Ke7 19.Rd3 Bd7 20.Nc5 Bc6 21.Bf3 Bxf3 22.Rd7+ Kf6
23.gxf3 Rhc8 24.h4 Bf4 25.Ne4+ Kg7 26.c3 Rc7 27.Rfd1 gxh4 28.Rxc7 Bxc7 29.Rd7 Be5
30.Nc5 Kf6 31.Rxb7 Rd8 32.Rd7 Rb8 33.b4 h3 34.Ra7 Rd8 35.Nd7+ Kf5 36.Nxe5 Kxe5
37.Rxf7 Rd2 38.a4 Rxf2 39.b5 axb5 40.axb5 Rc2 41.b6 Rxc3 42.b7 Rb3 43.Kh2 Kd6
44.Kxh3  1/2-1/2

[Event "Pardubice Czech op"]
[Site "Pardubice"]
[Date "1998.??.??"]
[Round "8"]
[White "Khmelnitsky, Sergei"]
[Black "Sakovich, Igor"]
[Result "1-0"]
[WhiteElo "2420"]
[BlackElo "2280"]

1.e4 c5 2.Nf3 e6 3.d4 cxd4 4.Nxd4 a6 5.Nc3 Qc7 6.Bd3 Nc6 7.Nxc6 dxc6 8.O-O e5
9.f4 Bd6 10.f5 Bc5+ 11.Kh1 Nf6 12.Qf3 Qe7 13.a4 a5 14.Nd1 h6 15.Ne3 b6 16.Bd2 Bb7
17.Nc4 Nd7 18.Qg3 f6 19.Be2 Kd8 20.Rab1 Kc7 21.c3 Rhc8 22.Rfd1 Kd8 23.Be3 Kc7
24.b4 axb4 25.cxb4 Bxe3 26.Qxe3 c5 27.a5 bxa5 28.Nxa5 cxb4 29.Nxb7 Kxb7 30.Rxd7+ Qxd7
31.Rxb4+  1-0

[Event "Paris op"]
[Site "Paris"]
[Date "1998.??.??"]
[Round "8"]
[White "Guez, Fabien"]
[Black "Coullet, Yves"]
[Result "1-0"]
[WhiteElo "2115"]
[BlackElo "2075"]

1.e4 c5 2.Nf3 e6 3.d4 cxd4 4.Nxd4 a6 5.Nc3 Qc7 6.g3 Nc6 7.Bg2 Nf6 8.O-O Be7
9.Re1 d6 10.Nxc6 bxc6 11.e5 dxe5 12.Rxe5 O-O 13.Bf4 Qa7 14.Bxc6 Bb7 15.Be3 Qb8
16.Bxb7 Qxb7 17.Rb1 Rac8 18.Bg5 Rc4 19.Bxf6 Bxf6 20.Re3 Rfc8 21.Rd3 Qb6 22.Rd6 Qb7
23.Ne2 h5 24.c3 h4 25.Qd3 h3 26.f3 Qa7+ 27.Kf1 Qc7 28.Nf4 Qa5 29.Nxh3 Qxa2
30.Nf2 Rb8 31.Ne4 Be5 32.Rd8+ Rxd8 33.Qxd8+ Kh7 34.Re1 Ra4 35.Qd3 Kg8 36.Qd8+ Kh7
37.Ng5+ Kg6 38.Rxe5 Qc4+ 39.Re2 Ra1+ 40.Kf2 Qc5+ 41.Re3 Rh1 42.Qd3+ Kxg5
43.Kg2 Ra1 44.Re5+  1-0

[Event "Plzen opJ-C"]
[Site "Plzen"]
[Date "1998.??.??"]
[Round "1"]
[White "Stets, Dmitry"]
[Black "Palkova, H."]
[Result "1-0"]
[WhiteElo "2435"]
[BlackElo "2045"]

1.e4 c5 2.Nf3 e6 3.d4 cxd4 4.Nxd4 a6 5.Nc3 Qc7 6.Bd3 Nf6 7.O-O Be7 8.Kh1 d6
9.f4 Nbd7 10.Bd2 Nc5 11.Qf3 Nxd3 12.cxd3 O-O 13.f5 Bd7 14.g4 exf5 15.Nxf5 Bc6
16.Nxe7+ Qxe7 17.Bg5 Rad8 18.Bxf6 Qxf6 19.Qxf6 gxf6 20.Rf5 Rfe8 21.Raf1 Re6
22.Rxf6 Rxf6 23.Rxf6 d5 24.exd5 Bxd5+ 25.Nxd5 Rxd5 26.Rf3 Kf8 27.Kg2 Rb5
28.Rf2 Ra5 29.a3 Rd5 30.Rd2 Ke7 31.d4 f5 32.g5 Kf7 33.Kf3 Kg6 34.Kf4 h6 35.gxh6 Kxh6
36.Rg2 Rxd4+ 37.Kxf5 Rd5+ 38.Ke4 Rb5 39.Kd4 Kh5 40.Kc4 Kh6 41.b3 Rf5 42.Rg8 Rb5
43.Rd8 Rb6 44.Rd7 Kg5 45.a4 Rc6+ 46.Kb4 Rb6+ 47.Ka3 Kh4 48.b4 Kh3 49.Rh7+ Kg4
50.Kb3 Kg5 51.Rc7 Kf6 52.Kc4  1-0

[Event "Plzen opJ-D"]
[Site "Plzen"]
[Date "1998.??.??"]
[Round "8"]
[White "Kovarik, Josef"]
[Black "Kasik, M."]
[Result "1-0"]
[WhiteElo "1765"]
[BlackElo "1870"]

1.e4 c5 2.Nf3 e6 3.d4 cxd4 4.Nxd4 a6 5.Nc3 Qc7 6.Bd3 Bb4 7.Bd2 Nf6 8.O-O Nc6
9.Nxc6 bxc6 10.Qe2 Bd6 11.f4 e5 12.Rae1 O-O 13.Kh1 Bb7 14.Qf3 exf4 15.Bxf4 Bxf4
16.Qxf4 Qxf4 17.Rxf4 Rae8 18.h3 Re5 19.Kh2 Rfe8 20.Ref1 R8e7 21.Rf5 c5 22.Rxe5 Rxe5
23.Rf5 Rxf5 24.exf5 d5 25.b3 h6 26.Na4 Nd7 27.Kg3 Kf8 28.Kf4 Ke7 29.g4 Kd6
30.h4 f6 31.Nc3 Ne5 32.Be2 Nc6 33.a3 Ne5 34.Nd1 a5 35.Ne3 d4 36.Nf1 Bd5 37.Ng3 Ke7
38.Nh5 Kf7 39.g5 hxg5+ 40.hxg5 d3 41.g6+ Nxg6+ 42.fxg6+ Kxg6 43.cxd3 Bxb3
44.Ng3 Kf7 45.Ne4 g5+ 46.Kg3 Kg6 47.Nxc5 a4 48.d4 f5 49.Bb5 f4+ 50.Kh3 Bd1
51.Be8+ Kh6 52.Bxa4 g4+ 53.Kg2 Bf3+ 54.Kf2 Bd5 55.Bc2 g3+ 56.Kg1 f3 57.Ne4 f2+
58.Nxf2 gxf2+ 59.Kxf2 Kg5 60.Ke3 Kf6 61.Be4 Bb3 62.Bc6 Ke6 63.Kd3 Kd6 64.Kc3 Ba2
65.Be4 Be6 66.Kb4 Bd7 67.a4 Kc7 68.a5 Bc8 69.Kc5 Ba6 70.Bc6 Bc8 71.d5 Ba6
72.d6+ Kd8 73.Kb6 Be2 74.a6 Bg4 75.a7 Bc8 76.d7  1-0

[Event "Pribram Cup"]
[Site "Pribram"]
[Date "1998.??.??"]
[Round "?"]
[White "Trichkov, Vasil"]
[Black "Movsesian, Sergei"]
[Result "1/2-1/2"]
[WhiteElo "2350"]
[BlackElo "2640"]

1.e4 c5 2.Nf3 e6 3.d4 cxd4 4.Nxd4 a6 5.Nc3 b5 6.Be3 Bb7 7.f3 Qc7 8.Qd2 Nf6
9.Bd3 b4 10.Nce2 e5 11.Nf5 g6 12.Bg5 gxf5 13.Bxf6 Rg8 14.Ng3 f4 15.Nf5 Nc6
16.O-O-O Rg6 17.Bh4 a5 18.Kb1 a4 19.b3 Na5 20.g4 Ba6 21.Rhe1 Nb7 22.Bf2 Nc5
23.Bxc5 Bxc5 24.Re2 Rc6 25.Bxa6 Rcxa6 26.Qd5 R8a7 27.Red2 Rc6 28.h4 Be3 29.Re2 Bc5
30.h5 Bf8 31.Red2 Rc5 32.Qd3 Rc3 33.Qe2 axb3 34.cxb3 Qa5  1/2-1/2

[Event "RUS-ch sf"]
[Site "Pskov"]
[Date "1998.??.??"]
[Round "9"]
[White "Kalegin, Evgenij"]
[Black "Kuzuev, Danil"]
[Result "0-1"]
[WhiteElo "2465"]
[BlackElo "2300"]

1.e4 c5 2.Nf3 e6 3.Nc3 a6 4.d4 cxd4 5.Nxd4 Qc7 6.g3 Bb4 7.Ne2 Nf6 8.Bg2 Be7
9.O-O Nc6 10.Nf4 O-O 11.g4 d6 12.g5 Nd7 13.Qh5 Nd4 14.Bd2 Ne5 15.Nfd5 exd5
16.Nxd5 Qd8 17.f4 Bg4 18.Qh4 Nef3+ 19.Bxf3 Nxf3+ 20.Rxf3 Bxf3 21.f5 Bxe4
22.Qxe4 Bxg5 23.Bc3 f6 24.Kh1 Qe8 25.Qg2 Qh5 26.Nc7 Rac8 27.Ne6 Rf7 28.Qd5 Qh4
29.Rd1 Qf2 30.Qd3 Bf4 31.Nxf4 Qxf4 32.Rf1 Qc4 33.Qd1 d5 34.Rf2 Qe4+  0-1

[Event "CRO-chT2"]
[Site "Pula"]
[Date "1998.??.??"]
[Round "2"]
[White "Bubalovic, Davorin"]
[Black "Jurkovic, Hrvoje"]
[Result "1/2-1/2"]
[WhiteElo "2375"]
[BlackElo "2380"]

1.e4 c5 2.Nf3 e6 3.d4 cxd4 4.Nxd4 a6 5.Nc3 Qc7 6.Be2 Nc6 7.Be3 Nf6 8.O-O Be7
9.f4 d6 10.g4 Nxd4 11.Bxd4 e5 12.Be3 exf4 13.Rxf4 Be6 14.Qd4 O-O 15.Raf1 Nd7
16.R4f2 Ne5 17.Nd5 Bxd5  1/2-1/2

[Event "Pula op"]
[Site "Pula"]
[Date "1998.??.??"]
[Round "4"]
[White "Rezan, Sasa"]
[Black "Sulava, Nenad"]
[Result "0-1"]
[WhiteElo "2265"]
[BlackElo "2450"]

1.e4 c5 2.Nf3 e6 3.Nc3 a6 4.d4 cxd4 5.Nxd4 b5 6.g3 Bb7 7.Bg2 Nf6 8.O-O b4
9.Nd5 exd5 10.exd5 Bc5 11.Re1+ Kf8 12.Nf5 d6 13.Bf4 h5 14.a3 Ng4 15.Qe2 g6
16.Ne3 g5 17.axb4 Bxb4 18.c3 gxf4 19.Nxg4 Bc5 20.b4 Ba7 21.Ne5 fxg3 22.hxg3 dxe5
23.Qxe5 Rh6 24.c4 Nd7 25.Qc3 Rc8 26.c5 Nxc5 27.bxc5 Bxc5 28.Qb2 Qb6  0-1

[Event "CRO-chT2"]
[Site "Pula"]
[Date "1998.??.??"]
[Round "7"]
[White "Mihalincic, Tomislav"]
[Black "Dutina, Dario"]
[Result "0-1"]
[WhiteElo "2205"]
[BlackElo "2265"]

1.e4 c5 2.Nf3 e6 3.d4 cxd4 4.Nxd4 a6 5.Nc3 Qc7 6.Bd3 Nf6 7.a4 Bd6 8.Nce2 Nc6
9.c3 O-O 10.h3 Be7 11.O-O d6 12.f4 Rd8 13.Qc2 Bd7 14.Be3 Bf8 15.Nf3 e5 16.Rfd1 Rac8
17.b4 Ne7 18.a5 Re8 19.Bb6 Qb8 20.c4 Nc6 21.Qb1 exf4 22.Nxf4 Nxb4 23.Nd5 Nfxd5
24.exd5 Nxd3 25.Qxd3 g6 26.g4 Re7 27.Rf1 Rce8 28.Rf2 Bg7 29.Raf1 Qc8 30.Qa3 Qxc4
31.Qxd6 Bb5 32.Rd1 Qb3 33.Rdd2 Re2 34.Qf4 Rxf2 35.Rxf2 Qxd5 36.g5 h5  0-1

[Event "Radenci op"]
[Site "Radenci"]
[Date "1998.??.??"]
[Round "?"]
[White "Ipavec, Petra"]
[Black "Hulak, Krunoslav"]
[Result "0-1"]
[WhiteElo "2100"]
[BlackElo "2515"]

1.e4 c5 2.Nf3 e6 3.d4 cxd4 4.Nxd4 a6 5.Nc3 d6 6.Bc4 Nf6 7.Bb3 Be7 8.O-O O-O
9.f4 b5 10.f5 b4 11.Na4 e5 12.Ne2 Bb7 13.Ng3 Nbd7 14.Qd3 Bc6 15.c3 a5 16.Kh1 Qb8
17.Re1 Qb7 18.Bg5 h6 19.Bxf6 Nxf6 20.c4 h5 21.Bc2 g6 22.Qe3 Kh7 23.Nb6 Ng4
24.Qg1 Rab8 25.Nd5 Bh4 26.Bd1 Bxd5 27.cxd5 Bxg3 28.hxg3 Nf6 29.Qf2 Rbc8 30.Ba4 Rc4
31.Qf3 Qc7 32.Bc6 Qb6 33.Rac1 Rxc1 34.Rxc1 Qd4 35.fxg6+ fxg6 36.Rf1 Kg7 37.b3 Qxe4
38.Qf2 Nd7 39.Qg1 Rxf1 40.Qxf1 Nf6 41.Qd1 Qe3 42.Qg1 Qxg3 43.Qa7+ Kh6 44.Qf7 Qe1+
45.Kh2 Ng4+ 46.Kh3 Nf2+ 47.Kg3 Qe3+ 48.Kh2 Ng4+  0-1

[Event "Regensburg op"]
[Site "Regensburg"]
[Date "1998.??.??"]
[Round "6"]
[White "Doleschal, Johannes"]
[Black "Eckhardt, Claudia"]
[Result "1-0"]
[WhiteElo "2035"]
[BlackElo "2180"]

1.e4 c5 2.Nf3 e6 3.d4 cxd4 4.Nxd4 a6 5.Nc3 Qc7 6.Bd3 Nf6 7.O-O Be7 8.Qe2 d6
9.f4 Nbd7 10.Kh1 b5 11.a3 Bb7 12.Bd2 O-O 13.Rae1 Rfd8 14.Nf3 Nf8 15.e5 Nd5
16.Ne4 h6 17.Qf2 Nb6 18.Qg3 Nc4 19.Bc1 d5 20.Nf6+ Kh8 21.Nh5 g6 22.Nf6 Nh7
23.Qh4 Kg7 24.f5 g5 25.Bxg5 Nxg5 26.Nxg5 Rh8 27.Nh5+ Kf8 28.f6 hxg5 29.Qxg5 Ke8
30.Ng7+ Kd8 31.fxe7+ Qxe7 32.Rxf7  1-0

[Event "VISA GP"]
[Site "Reykjavik"]
[Date "1998.??.??"]
[Round "3"]
[White "Jonsson, Bjorgvin"]
[Black "Davies, Nigel R"]
[Result "1-0"]
[WhiteElo "2380"]
[BlackElo "2515"]

1.e4 c5 2.Nf3 e6 3.d4 cxd4 4.Nxd4 a6 5.Nc3 d6 6.g4 Nc6 7.Be3 Nge7 8.Be2 b5
9.a3 Bb7 10.h4 Rc8 11.g5 Na5 12.Qd2 e5 13.Nf3 Nc4 14.Bxc4 Rxc4 15.O-O-O Qc7
16.Nxe5 Rxc3 17.bxc3 Nc8 18.Nd3 d5 19.Nb4 Qa5 20.Qd4 Qxa3+ 21.Kb1 Bxb4 22.Qxb4 Qxb4+
23.cxb4 Nd6 24.exd5 Kd7 25.Rhe1 f5 26.h5 Re8 27.Bd4 Rxe1 28.Rxe1 Bxd5 29.Kb2 Be6
30.Ra1  1-0

[Event "VISA GP"]
[Site "Reykjavik"]
[Date "1998.??.??"]
[Round "7"]
[White "Jonsson, Bjorgvin"]
[Black "Akesson, Ralf"]
[Result "0-1"]
[WhiteElo "2380"]
[BlackElo "2505"]

1.e4 c5 2.Nf3 e6 3.d4 cxd4 4.Nxd4 a6 5.Nc3 d6 6.g4 b5 7.Be3 Bb7 8.Bg2 Nd7
9.f4 b4 10.Nce2 Ngf6 11.Ng3 Nc5 12.f5 e5 13.Nb3 Ncxe4 14.g5 Qc7 15.Na5 Qxa5
16.gxf6 b3+ 17.Bd2 Nxd2 18.Bxb7 Nf3+ 19.Kf2 Qb6+ 20.Kg2 Nh4+ 21.Kh3 Qxb7
22.Kxh4 g5+ 23.Kh5 bxc2 24.Qg4 d5 25.Rhe1 Bd6 26.Qa4+ Qd7 27.Qxc2 Rc8 28.Qd2 Qa4
29.Ne4 Rc2 30.Qxd5 Rxh2+ 31.Kg4 O-O 32.b3 Qa3 33.Qxd6 Qb2 34.Qd3 h5+ 35.Kxg5 Kh7  0-1

[Event "Sao Paulo State-ch2"]
[Site "Rio Claro"]
[Date "1998.??.??"]
[Round "?"]
[White "Van Riemsdijk, Vinicius"]
[Black "Disconzi da Silva, Rodrigo"]
[Result "0-1"]
[WhiteElo "2125"]
[BlackElo "2350"]

1.e4 c5 2.Nf3 e6 3.d4 cxd4 4.Nxd4 a6 5.Nc3 Nc6 6.Be2 Qc7 7.Be3 Nf6 8.O-O d6
9.f4 Be7 10.g4 Nxd4 11.Bxd4 e5 12.Be3 exf4 13.Bxf4 Be6 14.Qd4 O-O 15.g5 Nd7
16.Bd3 Qb6 17.Ne2 Qa5 18.b4 Qd8 19.h4 Ne5 20.Ng3 g6 21.a3 f6 22.Kg2 Qd7 23.Rh1 Rac8
24.Bxe5 fxe5 25.Qe3 Rf4 26.Raf1 Rcf8 27.Qe1 Bd8 28.Rxf4 exf4 29.Nf1 f3+ 30.Kf2 Bb6+
31.Ne3 d5 32.h5 dxe4 33.Bxe4 Qd4 34.Rh4 Qxe3+  0-1

[Event "SWE-ch qualB"]
[Site "Ronneby"]
[Date "1998.??.??"]
[Round "?"]
[White "Blomstrom, Lars"]
[Black "Couso, Luis"]
[Result "1/2-1/2"]
[WhiteElo "2160"]
[BlackElo "2235"]

1.e4 c5 2.Nf3 e6 3.d4 cxd4 4.Nxd4 a6 5.Nc3 Qc7 6.g3 Nf6 7.Bg2 d6 8.O-O Nc6
9.Nxc6 bxc6 10.Na4 Be7 11.c4 Nd7 12.Be3 c5 13.Qe2 Bb7 14.Rad1 O-O 15.Nc3 Ne5
16.f4 Nc6 17.g4 Bf6 18.g5 Bd4 19.f5 Ne5 20.Kh1 Bxe3 21.Qxe3 Nxc4 22.Qe2 Ne5
23.f6 Ng6 24.Qh5 d5 25.exd5 Nf4 26.Rxf4 Qxf4 27.Be4 h6 28.fxg7 Rfe8 29.Bh7+ Kxg7
30.Qxh6+ Kh8 31.Bg6+ Kg8 32.Bh7+  1/2-1/2